[Event "2nd SCS Open"]
[Site "Bhubaneswar IND"]
[Date "2010.05.26"]
[Round "7"]
[White "Sundararajan,K"]
[Black "Shyam,N"]
[Result "1-0"]
[WhiteElo "2520"]
[BlackElo "2385"]
[EventDate "2010.05.22"]

1. d4 Nf6 2. c4 c5 3. d5 b5 4. cxb5 a6 5. bxa6 Bxa6 6. Nc3 g6 7. g3 d6 8.
Bg2 Bg7 9. Nf3 O-O 10. O-O Nbd7 11. Rb1 Qa5 12. Bd2 Rfb8 13. Qc2 Nb6 14. b3
Qa3 15. Bc1 Qa5 16. Rd1 Bc8 17. Bb2 Ne8 18. h3 Bf5 19. e4 Bxc3 20. exf5
Bxb2 21. Rxb2 Nf6 22. fxg6 hxg6 23. Ng5 Qb4 24. Qe2 Ra7 25. Rc2 Rc8 26. Bf3
Kg7 27. Kg2 Qa5 28. h4 Qa6 29. Qe3 Qb7 30. h5 gxh5 31. Ne6+ Kh7 32. Qg5 Rg8
33. Be4+ 1-0

[Event "2nd SCS Open"]
[Site "Bhubaneswar IND"]
[Date "2010.05.26"]
[Round "7"]
[White "Sriram,J"]
[Black "Padmini,R"]
[Result "1-0"]
[WhiteElo "2507"]
[BlackElo "2319"]
[EventDate "2010.05.22"]

1. Nf3 Nf6 2. c4 c5 3. d4 cxd4 4. Nxd4 e5 5. Nb5 d5 6. cxd5 Bc5 7. N5c3 O-O
8. g3 Qb6 9. e3 Bg4 10. Be2 Bf5 11. O-O Rd8 12. Nd2 Bb4 13. Nc4 Qc5 14. Qb3
Nbd7 15. Bd2 Bxc3 16. Bxc3 Nxd5 17. Bxe5 b5 18. Bd4 bxc4 19. Bxc4 Qe7 20.
Bxd5 Rab8 21. Qc3 Nf8 22. Bc5 Qc7 23. e4 Bh3 24. Rfd1 Ne6 25. Be3 Qe7 26.
Rac1 h6 27. b3 Ng5 28. Bxg5 hxg5 29. Qf3 g4 30. Qf5 Kf8 31. Rc6 Rb6 32.
Rxb6 axb6 33. Rc1 g6 34. Qf4 Kg7 35. f3 g5 36. Qf5 gxf3 37. Qxf3 f5 38.
Qc3+ Kh7 39. Qc7 Rd7 40. Qc8 Qg7 41. Bg8+ Kh6 42. exf5 Rd2 43. Qc6+ Kh5 44.
Qe8+ Kg4 45. Qe4+ Kh5 46. Qe8+ Kg4 47. Rc4+ Rd4 48. Qe2+ Kxf5 49. Qe6+ 1-0

[Event "2nd SCS Open"]
[Site "Bhubaneswar IND"]
[Date "2010.05.26"]
[Round "7"]
[White "Vokarev,S"]
[Black "Prasanna,Ra"]
[Result "0-1"]
[WhiteElo "2501"]
[BlackElo "2309"]
[EventDate "2010.05.22"]

1. e4 e5 2. Nf3 Nc6 3. Bb5 a6 4. Bxc6 dxc6 5. O-O Qf6 6. d4 exd4 7. Bg5 Qd6
8. Nxd4 Bd7 9. Bh4 Qh6 10. Nf3 Bg4 11. Bg3 Bd6 12. Qd4 Bxf3 13. gxf3 Qg6
14. Rd1 Rd8 15. Qa7 h5 16. Kf1 Ne7 17. Qxb7 Qf6 18. e5 Qxf3 19. Nd2 Qh1+
20. Ke2 Qd5 21. exd6 Nf5 22. c4 Qe6+ 23. Kf1 O-O 24. Qxc6 h4 25. Bf4 Nxd6
26. Qf3 Nf5 27. Re1 Qg6 28. Qg2 Qb6 29. Nb3 Qb4 30. Qe4 Nd4 31. Nxd4 Qxc4+
32. Qe2 Qxd4 33. Be5 Qd5 34. Qe4 Qb5+ 35. Kg1 f6 36. Bc3 Rd5 37. Kh1 Rg5
38. f4 Rd5 39. a4 Qb3 40. Rg1 Rd7 41. Rae1 Rff7 42. Qe8+ Kh7 43. Rxg7+ 0-1

[Event "2nd SCS Open"]
[Site "Bhubaneswar IND"]
[Date "2010.05.26"]
[Round "7"]
[White "Situru,N"]
[Black "Lalith,B"]
[Result "0-1"]
[WhiteElo "2348"]
[BlackElo "2493"]
[EventDate "2010.05.22"]

1. e4 c6 2. d4 d5 3. Nc3 dxe4 4. Nxe4 Bf5 5. Ng3 Bg6 6. h4 h6 7. Nf3 Nd7 8.
h5 Bh7 9. Bd3 Bxd3 10. Qxd3 e6 11. Bd2 Ngf6 12. O-O-O Be7 13. Ne4 O-O 14.
g4 Nxg4 15. Rdg1 f5 16. Qb3 Rf7 17. Qxe6 Nf8 18. Qb3 fxe4 19. Rxg4 exf3 20.
Rhg1 Qd5 21. c4 Qe6 22. d5 cxd5 23. cxd5 Qf5 24. Bxh6 Rc8+ 25. Kd2 Bf6 26.
Bxg7 Rxg7 27. Rxg7+ Bxg7 28. h6 Qe5 29. Rxg7+ Kh8 30. Kd3 Qe2+ 31. Kd4 b5
0-1

[Event "2nd SCS Open"]
[Site "Bhubaneswar IND"]
[Date "2010.05.26"]
[Round "7"]
[White "Roy Chowdhury,S"]
[Black "Hasan,Me"]
[Result "1-0"]
[WhiteElo "2473"]
[BlackElo "2287"]
[EventDate "2010.05.22"]

1. e4 c5 2. Nf3 e6 3. Qe2 Nc6 4. c3 d5 5. d3 Nf6 6. g3 Be7 7. Bg2 O-O 8.
O-O b6 9. e5 Ne8 10. h4 Nc7 11. Bf4 f6 12. exf6 Bxf6 13. Nbd2 Kh8 14. Rfe1
Ba6 15. Rad1 Re8 16. c4 e5 17. Bg5 Nd4 18. Nxd4 cxd4 19. Qh5 g6 20. Qh6 Qd6
21. Bxf6+ Qxf6 22. cxd5 Rf8 23. Ne4 Qg7 24. Qxg7+ Kxg7 25. d6 Ne6 26. Bh3
Rfe8 27. Rc1 Bxd3 28. d7 1-0

[Event "2nd SCS Open"]
[Site "Bhubaneswar IND"]
[Date "2010.05.26"]
[Round "7"]
[White "Satyapragyan,S"]
[Black "Singh,DP"]
[Result "1/2-1/2"]
[WhiteElo "2463"]
[BlackElo "2286"]
[EventDate "2010.05.22"]

1. e4 b6 2. d4 Bb7 3. Nc3 e6 4. Bd3 g6 5. Nf3 Bg7 6. Bg5 Ne7 7. Qd2 h6 8.
Be3 d6 9. Ng1 a6 10. Nge2 b5 11. a4 b4 12. Nd1 a5 13. c3 Na6 14. f3 Rb8 15.
Nf2 Qc8 16. O-O d5 17. Rac1 Qd7 18. Bf4 Rc8 19. Ng4 bxc3 20. bxc3 g5 21.
Be5 Bxe5 22. Nxe5 Qd6 23. Rb1 Rb8 24. exd5 exd5 25. Ng3 Bc8 26. f4 Rxb1 27.
Bxb1 f6 28. Bg6+ Nxg6 29. Nxg6 Rg8 30. Re1+ Kd8 31. f5 Bd7 32. Qd1 c5
1/2-1/2

[Event "2nd SCS Open"]
[Site "Bhubaneswar IND"]
[Date "2010.05.27"]
[Round "8"]
[White "Turov,M"]
[Black "Aleksandrov,A"]
[Result "1/2-1/2"]
[WhiteElo "2624"]
[BlackElo "2604"]
[EventDate "2010.05.22"]

1. d4 d5 2. c4 c6 3. cxd5 cxd5 4. Nc3 Nf6 5. Nf3 Nc6 6. Bf4 a6 7. e3 Bf5 8.
Bd3 Bxd3 9. Qxd3 e6 10. O-O Bd6 11. Bxd6 Qxd6 12. Rfc1 O-O 13. Na4 Nd7 14.
Nc5 Nxc5 15. Rxc5 Rfc8 16. Rac1 Ne7 17. Rxc8+ Rxc8 18. Rxc8+ Nxc8 19. Qc3
Ne7 20. Ne5 f6 21. Nd3 1/2-1/2

[Event "2nd SCS Open"]
[Site "Bhubaneswar IND"]
[Date "2010.05.27"]
[Round "8"]
[White "Adhiban,B"]
[Black "Bocharov,D"]
[Result "1/2-1/2"]
[WhiteElo "2510"]
[BlackElo "2592"]
[EventDate "2010.05.22"]

1. d4 Nf6 2. c4 e6 3. Nc3 Bb4 4. g3 O-O 5. Bg2 d5 6. Nf3 dxc4 7. O-O Nc6 8.
a3 Be7 9. e3 Na5 10. Qe2 Rb8 11. a4 b6 12. Rd1 Bb7 13. e4 Bb4 14. Ne5 Nb3
15. Qxc4 Bxc3 16. Qxb3 Bxd4 17. Nf3 c5 18. Bf4 Rc8 19. Nxd4 cxd4 20. Qb4 d3
21. a5 Rc6 22. a6 Ba8 23. Bf1 Ng4 24. Rxd3 Qf6 25. Rad1 Rcc8 26. f3 Ne5 27.
Bxe5 1/2-1/2

[Event "2nd SCS Open"]
[Site "Bhubaneswar IND"]
[Date "2010.05.27"]
[Round "8"]
[White "Lafuente,P"]
[Black "Hera,I"]
[Result "1/2-1/2"]
[WhiteElo "2587"]
[BlackElo "2558"]
[EventDate "2010.05.22"]

1. d4 d5 2. c4 c6 3. Nf3 Nf6 4. Nc3 dxc4 5. a4 e6 6. e3 c5 7. Bxc4 Na6 8.
O-O cxd4 9. exd4 Be7 10. Re1 O-O 11. Bg5 Nb4 12. Qb3 Nc6 13. Rad1 Na5 14.
Qa2 Nxc4 15. Qxc4 Nd5 16. Bxe7 Nxe7 17. Ne5 b6 18. d5 exd5 19. Nxd5 Nxd5
20. Nc6 Qf6 21. Qxd5 Bb7 22. Ne7+ Qxe7 23. Rxe7 Bxd5 24. Rxd5 Rfe8 25. Rdd7
Rxe7 26. Rxe7 Kf8 27. Rc7 Rd8 28. g3 a5 29. Rc6 1/2-1/2

[Event "2nd SCS Open"]
[Site "Bhubaneswar IND"]
[Date "2010.05.27"]
[Round "8"]
[White "Maletin,P"]
[Black "Czebe,A"]
[Result "1-0"]
[WhiteElo "2584"]
[BlackElo "2480"]
[EventDate "2010.05.22"]

1. d4 d5 2. c4 c6 3. Nf3 Nf6 4. Nc3 e6 5. Bg5 h6 6. Bh4 dxc4 7. e4 g5 8.
Bg3 b5 9. Be2 Bg7 10. a4 b4 11. e5 Nd5 12. Ne4 c3 13. bxc3 Nxc3 14. Nxc3
bxc3 15. O-O O-O 16. Rc1 Qa5 17. h4 g4 18. Nh2 h5 19. f3 c5 20. fxg4 Nc6
21. Bf3 Bb7 22. gxh5 Rad8 23. Ng4 Rxd4 24. Qe1 Qxa4 25. Nf6+ Bxf6 26. exf6
Rd2 27. Bf2 Nd4 28. Bxb7 Ne2+ 29. Kh1 Qf4 30. Rd1 Rfd8 31. Rxd2 Qxd2 32.
Bf3 Qxe1 33. Rxe1 Nf4 34. Be3 Nd3 35. Re2 Ne5 36. Be4 Rd1+ 37. Kh2 Ng4+ 38.
Kg3 Nxf6 39. Bc2 Nxh5+ 40. Kg4 Rd5 41. Bg5 Ng7 42. Bf6 Nf5 43. Bxf5 1-0

[Event "2nd SCS Open"]
[Site "Bhubaneswar IND"]
[Date "2010.05.27"]
[Round "8"]
[White "Gara,T"]
[Black "Vorobiov,E"]
[Result "0-1"]
[WhiteElo "2357"]
[BlackElo "2612"]
[EventDate "2010.05.22"]

1. e4 c5 2. Nf3 Nc6 3. d4 cxd4 4. Nxd4 Nf6 5. Nc3 d6 6. g3 g6 7. Bg2 Nxd4
8. Qxd4 Bg7 9. Bg5 h6 10. Be3 O-O 11. Qd2 Kh7 12. O-O Qa5 13. Ne2 Qxd2 14.
Bxd2 Bg4 15. Rfe1 Rac8 16. c3 Nd7 17. f3 Be6 18. Nf4 Bc4 19. Nd5 e6 20. Ne3
Ba6 21. Bf1 Ne5 22. Kg2 Bxf1+ 23. Rxf1 Nd3 24. Rab1 f5 25. exf5 gxf5 26.
Nd1 Ne5 27. Re1 Rfe8 28. Nf2 Nc4 29. Be3 b6 30. Re2 d5 31. Rd1 Rcd8 32. f4
Kg6 33. Bd4 Bxd4 34. Rxd4 b5 35. Nd3 Kf6 36. Ne5 Nxe5 37. Rxe5 Rd6 38. a3
h5 39. Kf3 a5 40. Ke3 Rb8 41. Kd3 Rc6 42. Re2 h4 43. Kd2 Rg8 44. Rd3 Rc4
45. Rde3 Re4 46. Kd3 Rg7 47. b3 a4 48. b4 Rh7 49. Re1 Rh8 50. R1e2 hxg3 51.
hxg3 Rh1 52. Rxe4 fxe4+ 53. Kd4 Ra1 54. Kc5 Rxa3 55. Kxb5 Rxc3 56. g4 a3
57. Ka4 d4 58. b5 d3 59. Ra2 e3 0-1

[Event "2nd SCS Open"]
[Site "Bhubaneswar IND"]
[Date "2010.05.27"]
[Round "8"]
[White "Kokarev,Dm"]
[Black "Farago,I"]
[Result "1-0"]
[WhiteElo "2612"]
[BlackElo "2453"]
[EventDate "2010.05.22"]

1. e4 e6 2. d4 d5 3. Nc3 Nf6 4. e5 Nfd7 5. f4 c5 6. Nf3 Nc6 7. Be3 Be7 8.
Qd2 O-O 9. Be2 b6 10. O-O Bb7 11. Rad1 f6 12. dxc5 Bxc5 13. Bxc5 Nxc5 14.
Qe3 fxe5 15. fxe5 a6 16. Rfe1 Qe7 17. Nd4 Nxd4 18. Rxd4 Ne4 19. Nxe4 dxe4
20. Rd6 b5 21. c4 Rf5 22. Red1 Rf7 23. Bg4 Bc8 24. c5 Ra7 25. Qd4 Rc7 26.
b4 Rf8 27. Qe3 Qh4 28. R6d4 Qe7 29. Rd6 a5 30. bxa5 Ra7 31. a6 Rxa6 32.
Bxe6+ Qxe6 33. Rxe6 Bxe6 34. a3 1-0

[Event "2nd SCS Open"]
[Site "Bhubaneswar IND"]
[Date "2010.05.27"]
[Round "8"]
[White "Ashwin,J"]
[Black "Luther,T"]
[Result "1/2-1/2"]
[WhiteElo "2457"]
[BlackElo "2541"]
[EventDate "2010.05.22"]

1. e4 e6 2. d4 d5 3. Nc3 dxe4 4. Nxe4 Nd7 5. Nf3 Ngf6 6. Nxf6+ Nxf6 7. c3
Be7 8. Bg5 O-O 9. Bd3 h6 10. Bh4 b6 11. Qe2 Bb7 12. O-O-O Qd5 13. Kb1 Qh5
14. Bxf6 Bxf6 15. Be4 Bxe4+ 16. Qxe4 Qd5 17. Qxd5 exd5 18. Rhe1 Rfe8 19.
Kc2 Kf8 20. h3 1/2-1/2

[Event "2nd SCS Open"]
[Site "Bhubaneswar IND"]
[Date "2010.05.27"]
[Round "8"]
[White "Sundararajan,K"]
[Black "Neelotpal,D"]
[Result "1/2-1/2"]
[WhiteElo "2520"]
[BlackElo "2453"]
[EventDate "2010.05.22"]

1. d4 d5 2. c4 c6 3. Nc3 Nf6 4. e3 g6 5. Nf3 Bg7 6. Be2 O-O 7. O-O e6 8.
Qc2 Nbd7 9. e4 dxe4 10. Nxe4 Nxe4 11. Qxe4 c5 12. Bg5 Qb6 13. Rfd1 cxd4 14.
Nxd4 Nc5 15. Qh4 Bd7 16. Rab1 e5 17. b4 Na4 18. c5 Qc7 19. Qg3 a6 20. Bc4
Qc8 21. Ne2 Bf5 22. Rb3 a5 23. Rc1 e4 24. bxa5 Rxa5 25. Rb5 Rxb5 26. Bxb5
Qa8 1/2-1/2

[Event "2nd SCS Open"]
[Site "Bhubaneswar IND"]
[Date "2010.05.27"]
[Round "8"]
[White "Prathamesh,S"]
[Black "Sriram,J"]
[Result "0-1"]
[WhiteElo "2411"]
[BlackElo "2507"]
[EventDate "2010.05.22"]

1. e4 e5 2. Nf3 Nc6 3. Bb5 a6 4. Ba4 Nf6 5. O-O Be7 6. Re1 b5 7. Bb3 d6 8.
c3 O-O 9. h3 Nb8 10. d4 Nbd7 11. Nbd2 Bb7 12. Bc2 Re8 13. a4 c6 14. Bd3 Qc7
15. Qc2 Bf8 16. b4 Nb6 17. a5 Nbd7 18. Bb2 Rac8 19. Rac1 c5 20. bxc5 dxc5
21. dxe5 Nh5 22. c4 Qxa5 23. e6 Rxe6 24. e5 h6 25. Bh7+ Kh8 26. Qf5 Re7 27.
Qxh5 Kxh7 28. Ne4 Bxe4 29. Rxe4 Kg8 30. Rce1 Qb6 31. Nh4 g6 32. Qe2 Rce8
33. f4 Bg7 34. Qc2 b4 35. g4 a5 36. Nf3 Qc7 37. Qa4 f6 38. e6 Nf8 39. Nh4
f5 40. Be5 Bxe5 41. Rxe5 fxg4 42. hxg4 Qd8 43. Rd1 Qb8 44. Rde1 Rxe6 45.
Nxg6 Rxe5 46. Nxe5 b3 47. Rb1 Qd8 48. Rxb3 Qd1+ 49. Kg2 Rb8 50. Ra3 Rb2+
51. Kg3 Qe1+ 52. Kh3 Qf1+ 0-1

[Event "2nd SCS Open"]
[Site "Bhubaneswar IND"]
[Date "2010.05.27"]
[Round "8"]
[White "Suvrajit,S"]
[Black "Deepan,C"]
[Result "0-1"]
[WhiteElo "2380"]
[BlackElo "2488"]
[EventDate "2010.05.22"]

1. Nf3 Nf6 2. c4 g6 3. Nc3 d5 4. cxd5 Nxd5 5. d4 Bg7 6. e3 O-O 7. Bd3 c5 8.
O-O cxd4 9. Nxd4 Nxc3 10. bxc3 e5 11. Ne2 Qc7 12. e4 Be6 13. Be3 Nd7 14.
Qb1 Rfd8 15. Rd1 Nc5 16. Bxc5 Qxc5 17. Qxb7 Rab8 18. Qa6 Rb2 19. Rdb1 Rd6
20. Rxb2 Rxa6 21. Bxa6 Qa3 22. Rb8+ Bf8 23. Bc8 Bxc8 24. Rxc8 Qa6 25. Rxf8+
Kxf8 26. Kf1 Qd3 27. f3 Qc2 28. a4 a5 29. Rc1 Qxa4 30. c4 Ke8 31. c5 Qc6
32. Ke1 a4 33. Rc2 a3 34. Nc1 f5 35. exf5 gxf5 36. Kd2 Kd8 37. h3 Kc8 38.
Kc3 Qa4 39. Na2 e4 40. fxe4 fxe4 41. Nb4 e3 42. Kc4 a2 43. Rxa2 Qxa2+ 44.
Nxa2 e2 45. Nc3 e1=Q 0-1

[Event "2nd SCS Open"]
[Site "Bhubaneswar IND"]
[Date "2010.05.27"]
[Round "8"]
[White "Tiwari,Ar"]
[Black "Roy Chowdhury,S"]
[Result "1-0"]
[WhiteElo "2274"]
[BlackElo "2473"]
[EventDate "2010.05.22"]

1. e4 c5 2. c3 d6 3. d4 Nf6 4. dxc5 Nc6 5. Qc2 dxc5 6. Bf4 e5 7. Bg3 Nh5 8.
Na3 Nxg3 9. hxg3 Be7 10. Nf3 Qc7 11. Bb5 Be6 12. O-O-O O-O 13. Nc4 Rad8 14.
Ne3 Rxd1+ 15. Rxd1 a6 16. Bxc6 bxc6 17. Qa4 Ra8 18. Nc4 f6 19. Na5 Rc8 20.
Nc4 Ra8 21. Qa5 Qb8 22. Nfd2 Qb5 23. a4 Qb7 24. Qb6 Qc8 25. Na5 Bf8 26.
Ndc4 Qe8 27. Nd6 Qh5 28. Nxc6 Qe2 29. Qb7 g6 30. Qxa8 Bb3 31. Ne7+ Kg7 32.
Nef5+ 1-0

[Event "2nd SCS Open"]
[Site "Bhubaneswar IND"]
[Date "2010.05.27"]
[Round "8"]
[White "Khusnutdinov,R"]
[Black "Nitin,S"]
[Result "1/2-1/2"]
[WhiteElo "2525"]
[BlackElo "2363"]
[EventDate "2010.05.22"]

1. e4 c5 2. Nf3 d6 3. d4 cxd4 4. Nxd4 Nf6 5. Nc3 a6 6. h3 e6 7. g4 d5 8.
exd5 Nxd5 9. Nde2 Nc6 10. Bg2 Nxc3 11. Qxd8+ Nxd8 12. Nxc3 Bd7 13. Be3 Bc6
14. Bxc6+ Nxc6 15. O-O-O Rc8 16. Ne4 Nb4 17. Nc3 Nc6 18. a3 Ne5 19. Ne4 Rc4
20. Rd4 Rxd4 21. Bxd4 Nf3 22. Bc5 h5 23. Bxf8 Kxf8 24. Rd1 Ke7 25. Nc5 hxg4
26. hxg4 b6 27. Nxa6 Rh2 28. c4 Rxf2 29. c5 bxc5 30. Nxc5 Rg2 31. Rd7+ Kf6
32. a4 Rxg4 33. Rc7 Rg1+ 34. Kc2 g5 35. a5 g4 36. a6 g3 37. Ne4+ Ke5 38. a7
Nd4+ 39. Kd3 Rd1+ 40. Nd2 Ra1 41. Rxf7 g2 42. Nc4+ Kd5 43. Ne3+ Kc6 44.
Nxg2 Nb5 45. Nf4 Rxa7 46. Rf6 Nc7 47. Nxe6 Nxe6 48. Rxe6+ Kb5 49. Kc3 Rc7+
50. Kb3 Rc6 51. Re5+ Kb6 52. Ka4 Rh6 53. b4 Rg6 54. Re8 Rh6 55. Rb8+ Ka7
56. Rc8 Kb6 57. Rb8+ Ka7 58. Rc8 Kb6 1/2-1/2

[Event "2nd SCS Open"]
[Site "Bhubaneswar IND"]
[Date "2010.05.27"]
[Round "8"]
[White "Ismagambetov,An"]
[Black "Sangma,R"]
[Result "1-0"]
[WhiteElo "2524"]
[BlackElo "2358"]
[EventDate "2010.05.22"]

1. e4 e5 2. Nf3 Nc6 3. Bb5 Nf6 4. Nc3 Bd6 5. d3 a6 6. Bc4 O-O 7. a3 h6 8.
g4 Bc5 9. Rg1 d6 10. g5 Ng4 11. Rg2 h5 12. h3 Nxf2 13. Rxf2 Bxf2+ 14. Kxf2
Bxh3 15. Nh2 g6 16. Nd5 Be6 17. Nf6+ Kg7 18. Be3 Nb8 19. Kg3 Nd7 20. Qf3
Qe7 21. Rf1 c6 22. Rf2 b5 23. Bb3 Rad8 24. Kg2 c5 25. Bd5 Nb6 26. Nf1 Rh8
27. Nd2 Na4 28. b4 Rc8 29. Nb3 h4 30. Na5 h3+ 31. Kh2 cxb4 32. axb4 Rc3 33.
Nc6 Qf8 34. Nd7 Qe8 35. Qf6+ 1-0

[Event "2nd SCS Open"]
[Site "Bhubaneswar IND"]
[Date "2010.05.27"]
[Round "8"]
[White "Varga,Zo"]
[Black "Bitan,B"]
[Result "1/2-1/2"]
[WhiteElo "2479"]
[BlackElo "2311"]
[EventDate "2010.05.22"]

1. c4 g6 2. d4 Nf6 3. Nc3 Bg7 4. e4 d6 5. Bg5 O-O 6. Qd2 Nc6 7. d5 Ne5 8.
Rc1 c6 9. b3 a6 10. Nge2 cxd5 11. cxd5 b5 12. Ng3 Ned7 13. Be2 Nc5 14. b4
Ncd7 15. a4 bxa4 16. Nxa4 Nb6 17. Nc3 Bd7 18. O-O Qb8 19. b5 axb5 20. Nxb5
Ra4 21. Rb1 Nxe4 22. Nxe4 Rxe4 23. Bf3 Re5 24. Rfc1 Rc8 25. Be3 Bf5 26.
Rxc8+ Qxc8 27. Rc1 Qd7 28. Qa5 Nc8 29. h3 h5 30. Nd4 Rxe3 31. fxe3 Bxd4 32.
exd4 Qb7 33. Qc7 Qb2 34. Qd8+ Kg7 35. Rxc8 Qxd4+ 36. Kh1 Qa1+ 37. Kh2 Qe5+
38. g3 Bxc8 39. Qxc8 h4 40. Qg4 Qxg3+ 41. Qxg3 hxg3+ 42. Kxg3 e6 1/2-1/2

[Event "2nd SCS Open"]
[Site "Bhubaneswar IND"]
[Date "2010.05.28"]
[Round "9"]
[White "Turov,M"]
[Black "Kravtsiv,M"]
[Result "0-1"]
[WhiteElo "2624"]
[BlackElo "2546"]
[EventDate "2010.05.22"]

1. c4 e6 2. Nf3 Nf6 3. Nc3 d5 4. d4 Bb4 5. Bg5 h6 6. Bxf6 Qxf6 7. Qb3 Nc6
8. e3 dxc4 9. Bxc4 Qe7 10. a3 Bd6 11. e4 e5 12. Nd5 Qd8 13. dxe5 Nxe5 14.
Nxe5 Bxe5 15. f4 Bd4 16. O-O-O c5 17. Bb5+ Kf8 18. Bc4 Rb8 19. a4 Be6 20.
Nc3 Qb6 21. Nb5 Rd8 22. e5 Ke7 23. Bxe6 fxe6 24. Qa3 Kf7 25. Nd6+ Rxd6 26.
exd6 Qxd6 27. Rhf1 Qd5 28. Rf3 Rd8 29. Kb1 Qf5+ 30. Ka2 Bxb2 31. Qb3 Rxd1
32. Qxd1 Bd4 33. Qb3 b6 34. g4 Qe4 35. Qd1 Qd5+ 36. Kb1 Qc4 37. Qc2 Qb4+
38. Ka2 Qe1 39. Kb3 Qb4+ 40. Ka2 Qe1 41. Kb3 a6 42. Kc4 Ke7 43. Kd3 b5 44.
axb5 axb5 45. Qa2 Kf6 46. Qc2 Ke7 47. Qa2 Kf6 48. Qc2 g6 49. Qa2 Qd1+ 50.
Ke4 Qe1+ 51. Kd3 h5 52. h3 hxg4 53. hxg4 Qd1+ 54. Ke4 Qe1+ 55. Kd3 Qg1 56.
Qe2 Qxg4 57. Qe4 Qg1 58. Kc2 Qg2+ 59. Kd1 b4 60. Qd3 Qg4 61. Qe4 b3 62. Qa8
Qg1+ 63. Ke2 Qg2+ 0-1

[Event "2nd SCS Open"]
[Site "Bhubaneswar IND"]
[Date "2010.05.28"]
[Round "9"]
[White "Aleksandrov,A"]
[Black "Maletin,P"]
[Result "1/2-1/2"]
[WhiteElo "2604"]
[BlackElo "2584"]
[EventDate "2010.05.22"]

1. d4 d5 2. c4 c6 3. Nf3 Nf6 4. cxd5 cxd5 5. Nc3 Nc6 6. Bf4 Bf5 7. e3 e6 8.
a3 Bd6 9. Bxd6 Qxd6 10. Bd3 Bxd3 11. Qxd3 O-O 12. O-O Rfc8 13. b4 a5 14.
Na4 Nd7 15. b5 Ne7 16. Rfc1 f6 17. h3 b6 18. Qb3 Rxc1+ 19. Rxc1 Rc8 20.
Rxc8+ Nxc8 21. Nb2 1/2-1/2

[Event "2nd SCS Open"]
[Site "Bhubaneswar IND"]
[Date "2010.05.28"]
[Round "9"]
[White "Bocharov,D"]
[Black "Lalith,B"]
[Result "1-0"]
[WhiteElo "2592"]
[BlackElo "2493"]
[EventDate "2010.05.22"]

1. d4 Nf6 2. c4 e6 3. Nf3 b6 4. g3 Ba6 5. Qa4 Bb7 6. Bg2 c5 7. dxc5 Bxc5 8.
O-O O-O 9. Nc3 Be7 10. Bf4 Na6 11. Rad1 Nc5 12. Qc2 Qc8 13. Rd4 d5 14. Rc1
Nce4 15. Nxe4 dxe4 16. Ne5 Bc5 17. Rdd1 e3 18. Bxe3 Bxg2 19. Kxg2 Bxe3 20.
fxe3 Qc7 21. Qc3 Rad8 22. Nf3 Ne4 23. Qc2 Rxd1 24. Rxd1 Nd6 25. b3 Qc5 26.
Qd3 Nf5 27. Kf2 h5 28. Qe4 Qa3 29. Rd2 Qc1 30. Qc2 Qa1 31. Rd1 Qf6 32. Qe4
Qb2 33. Rd2 Qc1 34. Qf4 Qh1 35. Qg5 Nh6 36. Qxh5 f5 37. h3 e5 38. Rd7 f4
39. gxf4 exf4 40. Qd5+ Kh8 41. Rd8 fxe3+ 42. Kxe3 Rxd8 43. Qxd8+ Kh7 44.
Qd3+ Kh8 45. Qd8+ Kh7 46. Kd2 Qa1 47. Qd3+ Kg8 48. Qc2 Nf7 49. b4 Qf6 50.
Qc3 Qf4+ 51. Qe3 Qd6+ 52. Kc3 Qd7 53. a3 Nd6 54. Qd4 a5 55. Qd5+ Kh8 56.
Ng5 axb4+ 57. axb4 Qe7 58. e4 Qxg5 59. Qxd6 Qc1+ 60. Kb3 Qe3+ 61. Ka4 Qxe4
62. Kb5 1-0

[Event "2nd SCS Open"]
[Site "Bhubaneswar IND"]
[Date "2010.05.28"]
[Round "9"]
[White "Deepan,C"]
[Black "Lafuente,P"]
[Result "0-1"]
[WhiteElo "2488"]
[BlackElo "2587"]
[EventDate "2010.05.22"]

1. e4 e6 2. d4 d5 3. Nd2 dxe4 4. Nxe4 Bd7 5. Nf3 Bc6 6. Bd3 Nd7 7. O-O Ngf6
8. Ned2 Be7 9. c4 O-O 10. b3 a5 11. a3 Re8 12. Bb2 Bf8 13. Qc2 Bxf3 14.
Nxf3 c6 15. Rfe1 g6 16. Bf1 Qb6 17. Bc3 Bg7 18. Rad1 Qc7 19. Qb2 Rab8 20.
Ne5 Bf8 21. Nxd7 Nxd7 22. Qd2 Bd6 23. g3 b6 24. a4 Rbc8 25. f4 Bf8 26. Bg2
Bg7 27. Kh1 Rcd8 28. Qb2 Nb8 29. b4 axb4 30. Qxb4 Nd7 31. a5 c5 32. dxc5
Bxc3 33. Qxc3 Nxc5 34. axb6 Qxb6 35. Rb1 Qd6 36. Re2 Qd4 37. Qxd4 Rxd4 38.
Bc6 Rc8 39. Bb5 Ne4 40. Rc2 Nd6 41. Ba6 Rc6 42. Bb5 Nxb5 43. Rxb5 Rcxc4 44.
Ra2 Rb4 45. Rxb4 Rxb4 46. Kg2 Rb5 47. g4 h6 48. h4 g5 49. hxg5 hxg5 50.
fxg5 Rxg5 51. Kf3 Kg7 52. Ra3 Rb5 53. Ra4 Kg6 54. Ra7 Rb3+ 55. Kf4 f6 56.
Ra8 e5+ 57. Ke4 Rg3 58. Kd5 Rxg4 59. Ke6 Rf4 0-1

[Event "2nd SCS Open"]
[Site "Bhubaneswar IND"]
[Date "2010.05.28"]
[Round "9"]
[White "Hera,I"]
[Black "Tiwari,Ar"]
[Result "1-0"]
[WhiteElo "2558"]
[BlackElo "2274"]
[EventDate "2010.05.22"]

1. d4 Nf6 2. c4 g6 3. Nf3 Bg7 4. g3 O-O 5. Bg2 d6 6. O-O Nc6 7. Nc3 a6 8.
b3 Rb8 9. e3 Bf5 10. Bb2 e5 11. d5 Ne7 12. Ne1 Qd7 13. Rc1 g5 14. e4 Bg6
15. Rc2 h5 16. f3 b5 17. Bc1 Nh7 18. g4 Rfc8 19. cxb5 axb5 20. Nd3 b4 21.
Na4 c6 22. dxc6 Rxc6 23. Rxc6 Qxc6 24. gxh5 Bxh5 25. Bd2 f5 26. Nxb4 Qb7
27. Qc2 Qa7+ 28. Kh1 fxe4 29. fxe4 Be2 30. Re1 Rc8 31. Nc3 Bh5 32. Qd3 Nf6
33. Nb5 Qd7 34. Qxd6 Qxb5 35. Qxe7 Re8 36. Qc7 Bf7 37. a4 Qb8 38. Qxb8 Rxb8
39. Rb1 Ng4 40. Nd5 Rd8 41. Bxg5 Rd7 42. Rf1 Rb7 43. Ne7+ Kf8 44. Bh3 Bf6
45. Bxg4 Bxg5 46. Nc6 Kg7 47. b4 Bb3 48. Bd1 Bc4 49. Rg1 Kf6 50. Nxe5 Rxb4
51. Nxc4 Rxc4 52. e5+ Kf5 53. e6 Rc1 54. e7 Be3 1-0

[Event "2nd SCS Open"]
[Site "Bhubaneswar IND"]
[Date "2010.05.28"]
[Round "9"]
[White "Konguvel,P"]
[Black "Simonian,H"]
[Result "1/2-1/2"]
[WhiteElo "2412"]
[BlackElo "2521"]
[EventDate "2010.05.22"]

1. e4 c5 2. Nf3 e6 3. d4 cxd4 4. Nxd4 a6 5. c4 Nf6 6. Nc3 Qc7 7. a3 Nc6 8.
Be3 Bd6 9. Rc1 Nxd4 10. Qxd4 Be5 11. Qb6 Qxb6 12. Bxb6 O-O 13. Bd3 d5 14.
exd5 exd5 15. O-O dxc4 16. Bxc4 Bf5 17. Rfe1 Rfe8 18. h3 Rac8 19. Bb3 h5
20. Be3 b5 21. Red1 Be6 22. Bxe6 Rxe6 23. Bd4 Bxd4 24. Rxd4 Ne4 25. Ne2
Rxc1+ 26. Nxc1 Nc5 27. Kf1 Rc6 28. Ne2 Ne6 29. Rd2 Rc4 30. Nc3 Nd4 31. Rd3
g6 32. g3 Kg7 33. h4 Nf5 34. Ke2 Rc6 35. Nd5 Rc2+ 36. Rd2 Rc5 37. Ne3 Re5
38. Rd5 Re6 39. Rd3 Kf6 40. Kf3 Nxe3 41. Rxe3 Rxe3+ 42. Kxe3 Kf5 43. f3 f6
44. Kd4 g5 45. Ke3 gxh4 46. gxh4 Ke5 47. f4+ Kd5 48. b3 a5 49. a4 bxa4 50.
bxa4 f5 51. Kd3 Kc5 52. Kc3 Kd5 53. Kd3 1/2-1/2

[Event "2nd SCS Open"]
[Site "Bhubaneswar IND"]
[Date "2010.05.28"]
[Round "9"]
[White "Rathnakaran,K"]
[Black "Adhiban,B"]
[Result "0-1"]
[WhiteElo "2397"]
[BlackElo "2510"]
[EventDate "2010.05.22"]

1. e4 e5 2. Nf3 Nc6 3. Bc4 Nf6 4. Ng5 d5 5. exd5 Na5 6. Bb5+ c6 7. dxc6
bxc6 8. Be2 h6 9. Nf3 e4 10. Ne5 Bc5 11. c3 Bd6 12. d4 exd3 13. Nxd3 O-O
14. Bf4 Re8 15. Bxd6 Qxd6 16. Nb4 Qe7 17. Kf1 Bf5 18. Na3 Rad8 19. Qe1 Ne4
20. Rd1 Rxd1 21. Qxd1 Rd8 22. Qc1 Nd2+ 23. Ke1 Bg4 24. f3 Nxf3+ 25. Kf2 Rd2
26. Re1 Qh4+ 27. g3 Qxh2+ 28. Ke3 Nxe1 29. Qxd2 Qxg3+ 30. Bf3 Qxf3+ 31. Kd4
Qf6+ 0-1

[Event "2nd SCS Open"]
[Site "Bhubaneswar IND"]
[Date "2010.05.28"]
[Round "9"]
[White "Luther,T"]
[Black "Kamble,V"]
[Result "1-0"]
[WhiteElo "2541"]
[BlackElo "2412"]
[EventDate "2010.05.22"]

1. e4 e6 2. d4 d5 3. Nc3 Nf6 4. e5 Nfd7 5. f4 c5 6. Nf3 a6 7. Be3 Qb6 8.
Na4 Qc6 9. Nxc5 Nxc5 10. dxc5 Bxc5 11. Qd2 b5 12. Nd4 Qc7 13. Bd3 O-O 14.
O-O Nc6 15. c3 Na5 16. Qc2 Nc4 17. Bf2 f5 18. a4 Bd7 19. axb5 axb5 20. b3
Na3 21. Qe2 b4 22. cxb4 Bxb4 23. Rfc1 Qb7 24. h3 Rfc8 25. Rxc8+ Qxc8 26.
Kh1 Qc3 27. Qd1 Ra5 28. Rc1 Qb2 29. Be3 Bc3 30. Bf1 h6 31. Ne2 Nb5 32. Nxc3
Nxc3 33. Qe1 Bb5 34. Bxb5 Ra2 35. Bf1 1-0

[Event "2nd SCS Open"]
[Site "Bhubaneswar IND"]
[Date "2010.05.28"]
[Round "9"]
[White "Swayams,M"]
[Black "Ismagambetov,An"]
[Result "1/2-1/2"]
[WhiteElo "2397"]
[BlackElo "2524"]
[EventDate "2010.05.22"]

1. d4 Nf6 2. c4 e6 3. Nf3 b6 4. e3 Bb7 5. Bd3 c5 6. O-O Be7 7. Nc3 d6 8. d5
exd5 9. cxd5 O-O 10. e4 Re8 11. Re1 Nbd7 12. h3 a6 13. a4 Bf8 14. Bf4 Qc7
15. Nd2 Ne5 16. Bf1 Nfd7 17. Qc2 Qd8 18. Bg3 Qg5 19. Ne2 Qh6 20. f4 Ng6 21.
Qb3 Rab8 22. Bh2 Qh4 23. Nf3 Qf6 24. Qc2 b5 25. axb5 axb5 26. g4 h6 27. Bg2
Nh4 28. Nxh4 Qxh4 29. Kh1 g6 30. Ng1 Bg7 31. Nf3 Qd8 32. Rad1 1/2-1/2